000 02118nas1a2200349 4500
001 RU\NLR\DIGIT\13977
005 20241225210942.0
035 _a(NLR Aleph) 010116195
090 _a9983343
_c9983343
100 _a20050225a1991 m y0rusy50 ca
101 0 _aost
102 _aRU
110 _acca 0
200 1 _aХанты ясанг
_eХанты-Мансийский автономный округ газета
210 _aХанты-Мансийск
_d1991-
300 _aНа хантыйском языке
300 _aДо 1991 г. выходила под загл.: Ленин пант хуват
300 _aПериодичность: 1 раз в нед.
311 _a"Ханты Ясанг" - обществ.-политич. газета Ханты-Мансийского автономного округа. Главной темой газеты является раскрытие проблем, вопросов духовного и материального возрождения народов ханты и манси, пути решения этих проблем органами власти
325 _aКопия доступна в электронной библиотеке РНБ
462 0 _12001#$a1991, № 1(2250), 3-4, 6-25, 27, 29-42, 44-52(2301)
_t1991, № 1(2250), 3-4, 6-25, 27, 29-42, 44-52(2301)
462 0 _12001#$a1992, № 3(2304)-14, 17, 19-25, 27-30, 36-52(2353)
_t1992, № 3(2304)-14, 17, 19-25, 27-30, 36-52(2353)
462 0 _12001#$a1993, № 1(2354)-48, 50-52(2405)
_t1993, № 1(2354)-48, 50-52(2405)
462 0 _12001#$a1994, № 1(2406)-35, 37-48, 51(2456)
_t1994, № 1(2406)-35, 37-48, 51(2456)
462 0 _12001#$a1995, № 1(2457)-52(2508)
_t1995, № 1(2457)-52(2508)
462 0 _12001#$a1996, № 1(2509)-10, 12, 15-16, 20-28, 32-52(2560)
_t1996, № 1(2509)-10, 12, 15-16, 20-28, 32-52(2560)
541 0 _aХантыйское слово
_zrus
541 0 _aСлово народа ханты
_zrus
801 2 _aRU
_bNLR
_c20100511
_2rusmarc
852 _aNLR
_bОНЛ
_jХант.-г.1-6
942 _cNEWSPAPER